História e geografia de Portugal, 5º ano: caderno de actividades
Saved in:
| Main Author: | |
|---|---|
| Other Authors: | |
| Format: | Unknown |
| Language: | Portuguese |
| Published: |
Lisboa
Texto
2004
|
| Edition: | 1ª ed., |
| Textbook Catalogue: | MANES: Library Catalog Search Result |
| Textbook Classification: |
|
| Series: | Evolução e qualidade
|
| Tags: |
Add Tag
No Tags, Be the first to tag this record!
|
| Added to: | 2016-04-26 |
| Changed in: | 2025-04-25 |
MARC
| LEADER | 000000000a22000000004500 | ||
|---|---|---|---|
| 001 | 33802 | ||
| 003 | OSt | ||
| 005 | 20250425111654.0 | ||
| 008 | 160427s2004 po 00| 0 por d | ||
| 041 | |a por | ||
| 043 | |a Portugal | ||
| 561 | |5 pt-BNP |a Portugal. Biblioteca Nacional de Portugal |k MANES | ||
| 691 | |a SE | ||
| 100 | 1 | |a Cantanhede, Francisco |9 14907 | |
| 700 | 1 | |a Oliveira, Ana Rodrigues |9 14862 |a Rodrigues, Arinda |9 14906 |a Trigo, Augusto |9 17399 | |
| 245 | 0 | 0 | |a História e geografia de Portugal, 5º ano: caderno de actividades |
| 250 | |a 1ª ed., | ||
| 260 | 3 | |a Lisboa |b Texto |c 2004 | |
| 300 | |a 80 p., 1 f. desdobr.; |c 30 cm | ||
| 440 | 1 | |a Evolução e qualidade |9 14895 | |
| 690 | |a HI | ||
| 942 | |2 ddc |c BK | ||
| 546 | |a Portugal | ||
| 999 | |c 37640 |d 37640 | ||
| 999 | |c manes:37640 |d 37640 | ||